00376 2200157 4500245004200000020001800042250001100060100001600071650001600087005001900103260004200122041001400164084000800178300002300186336000900209 aArial vs HelviticacNisa RahmahhText a9786020382630 aCet. 1 aNisa Rahmah aNovel Fiksi a20230112072953 aJakartabGramedia Pustaka Utamac2018 aIndonesia a813 a248 hlm. :c20 cm. atext